01406nam a22003374a 4500001001200000003000800012006001900020007001500039008004100054010001700095020002800112040002100140035002100161043002100182050002700203082001800230100004200248245011600290246005400406260007300460300002400533504006600557533015200623651003200775651003100807651004100838655002900879710001700908856012600925999001701051ebr10313856CaPaEBRm u cr cn|||||||||040922s2005 maub sb 001 0 eng  z 2004059693 z0674017013 (alk. paper) aCaPaEBRcCaPaEBR a(OCoLC)646278172 aa-cc-hkaa-cc---14aDS796.H757bC38 2005eb04a951.25/042221 aCarroll, John M.q(John Mark),d1961-10aEdge of empiresh[electronic resource] :bChinese elites and British colonials in Hong Kong /cJohn M. Carroll.30aChinese elites and British colonials in Hong Kong aCambridge, Mass. ;aLondon, Eng. :bHarvard University Press,c2005. axii, 260 p. :bmap. aIncludes bibliographical references (p. [237]-252) and index. aElectronic reproduction.bPalo Alto, Calif. :cebrary,d2013.nAvailable via World Wide Web.nAccess may be limited to ebrary affiliated libraries. 0aHong Kong (China)xHistory. 0aChinaxHistoryy1861-1912. 0aChinaxHistoryyRepublic, 1912-1949. 7aElectronic books.2local2 aebrary, Inc.40uhttp://site.ebrary.com/lib/rucke/Doc?id=10313856zAn electronic book accessible through the World Wide Web; click to view c57685d57685